| 000 | 00333nam a22001457a 4500 | ||
|---|---|---|---|
| 020 | _qPB. | ||
| 040 | _cFIZZA ISHAQ | ||
| 082 |
_a005.133 _bGRI |
||
| 100 |
_aGRIFFITHS, LAN. _989270 |
||
| 245 |
_aPROGRAMMING C # 4.0 / _cLAN GRIFFITHS. |
||
| 250 | _a6th ED. | ||
| 260 |
_bO'REILLY, _c2010. |
||
| 300 | _a830 P. ; | ||
| 942 |
_2ddc _cBK |
||
| 999 |
_c588074 _d588074 |
||